000 nam a22 7a 4500
999 _c10137
_d10137
008 180212b ||||| |||| 00| 0 eng d
100 _aJoshi,R.etal.
_96152
245 _aOscar Wilde's The Canterville Ghost
260 _aNew Delhi
_bGoyal Books
_c2012